The Cambridge urban history of Britain (Record no. 302302)

MARC details
000 -LEADER
fixed length control field 00728nam a2200229Ia 4500
008 - FIXED-LENGTH DATA ELEMENTS--GENERAL INFORMATION
fixed length control field 191130s2000##################000#0#eng##
020 ## - INTERNATIONAL STANDARD BOOK NUMBER
ISBN 9780521417075
082 ## - DEWEY DECIMAL CLASSIFICATION NUMBER
Classification number 307.760941 DAU
245 ## - TITLE STATEMENT
Title The Cambridge urban history of Britain
Statement of responsibility, etc [general editor, Peter Clark]
260 ## - PUBLICATION, DISTRIBUTION, ETC. (IMPRINT)
Place of publication Cambridge
Name of publisher Cambridge University Press
Year of publication 2000
300 ## - PHYSICAL DESCRIPTION
Number of Pages 3 v.xxvi, 944p, : ill., maps ; 24 cm
500 ## - GENERAL NOTE
General note Includes bibliographical references and indexes
650 ## - SUBJECT ADDED ENTRY--TOPICAL TERM
Topical Term Cities and towns - Great Britain - History
700 ## - ADDED ENTRY--PERSONAL NAME
Personal name Clark, Peter
Personal name Daunton, M. J
Personal name Palliser, D. M
991 ## -
-- 190233
Holdings
Withdrawn status Lost status Damaged status Not for loan Home library Current library Shelving location Date acquired Full call number Accession Number Price effective from Koha item type
        Anna Centenary Library Anna Centenary Library 3RD FLOOR, B WING 15.10.2020 307.760941 DAU 283759 15.10.2020 English Books

Find us on the map